| 000 | 00387nam a22001337a 4500 | ||
|---|---|---|---|
| 082 |
_a661.82 _bALL _cD |
||
| 100 |
_aWorld Bank _919601 |
||
| 245 |
_aAlcohol Production from biomass in the developing countries _cworld bank |
||
| 260 |
_aWashington / USA. : _c1980 |
||
| 300 |
_aix, 69 p. : _c24 cm |
||
| 526 |
_a0 _b0 _c0 _d661_820000000000000_ALL |
||
| 650 |
_aMCE. _9379 |
||
| 942 |
_2ddc _cBK |
||
| 999 |
_c548534 _d548534 |
||